Business Analytics (Record no. 12613)

MARC details
000 -LEADER
fixed length control field 00536nam a22002177a 4500
003 - CONTROL NUMBER IDENTIFIER
control field OSt
008 - FIXED-LENGTH DATA ELEMENTS--GENERAL INFORMATION
fixed length control field 240503b |||||||| |||| 00| 0 eng d
020 ## - INTERNATIONAL STANDARD BOOK NUMBER
International Standard Book Number 9789355736116
082 ## - DEWEY DECIMAL CLASSIFICATION NUMBER
Classification number 658.4033 CAB
100 ## - MAIN ENTRY--PERSONAL NAME
Personal name CAMM,Jeffrey D
245 ## - TITLE STATEMENT
Title Business Analytics
250 ## - EDITION STATEMENT
Edition statement 3rd Ed
260 ## - PUBLICATION, DISTRIBUTION, ETC. (IMPRINT)
Place of publication, distribution, etc New Delhi
Name of publisher, distributor, etc Cengage
Date of publication, distribution, etc 2023
700 ## - ADDED ENTRY--PERSONAL NAME
Personal name COCHRAN,James J
700 ## - ADDED ENTRY--PERSONAL NAME
Personal name FRY,Michael J
700 ## - ADDED ENTRY--PERSONAL NAME
Personal name ANDERSON,David R
700 ## - ADDED ENTRY--PERSONAL NAME
Personal name OHIMANN,Jeffery W
700 ## - ADDED ENTRY--PERSONAL NAME
Personal name SWEENEY,Dennis J
700 ## - ADDED ENTRY--PERSONAL NAME
Personal name WILLIAMS,Thomas A
942 ## - ADDED ENTRY ELEMENTS (KOHA)
Source of classification or shelving scheme Dewey Decimal Classification
Koha item type Text Books
Holdings
Withdrawn status Lost status Source of classification or shelving scheme Damaged status Not for loan Collection code Home library Current library Date acquired Source of acquisition Currency Cost, normal purchase price Bill Number Total Checkouts Full call number Acc. no. / Barcode Date last seen Actual Cost, discounted price Bill Date Koha item type Date last borrowed
    Dewey Decimal Classification     BBA PIET C-LIBRARY PIET C-LIBRARY 23/03/2024 Zaffa Books and Distributors In Rupees 1099.00 ZBD0471   658.4032 CAB 36043 03/05/2024 791.28 23/03/2024 Reference Books  
    Dewey Decimal Classification     BBA PIET C-LIBRARY PIET C-LIBRARY 23/03/2024 Zaffa Books and Distributors In Rupees 1099.00 ZBD0471 1 658.4032 CAB 36044 01/07/2025 791.28 23/03/2024 Text Books 23/08/2024
    Dewey Decimal Classification     BBA PIET C-LIBRARY PIET C-LIBRARY 23/03/2024 Zaffa Books and Distributors In Rupees 1099.00 ZBD0471 1 658.4032 CAB 36045 30/09/2024 791.28 23/03/2024 Text Books 18/09/2024
    Dewey Decimal Classification     BBA PIET C-LIBRARY PIET C-LIBRARY 23/03/2024 Zaffa Books and Distributors In Rupees 1099.00 ZBD0471   658.4032 CAB 36046 03/05/2024 791.28 23/03/2024 Text Books  
    Dewey Decimal Classification     BBA PIET C-LIBRARY PIET C-LIBRARY 23/03/2024 Zaffa Books and Distributors In Rupees 1099.00 ZBD0471   658.4032 CAB 36047 03/05/2024 791.28 23/03/2024 Text Books  
    Dewey Decimal Classification     BBA PIET C-LIBRARY PIET C-LIBRARY 23/03/2024 Zaffa Books and Distributors In Rupees 1099.00 ZBD0471   658.4032 CAB 36048 03/05/2024 791.28 23/03/2024 Text Books  
    Dewey Decimal Classification     BBA PIET C-LIBRARY PIET C-LIBRARY 23/03/2024 Zaffa Books and Distributors In Rupees 1099.00 ZBD0471   658.4032 CAB 36049 03/05/2024 791.28 23/03/2024 Text Books  
    Dewey Decimal Classification     BBA PIET C-LIBRARY PIET C-LIBRARY 23/03/2024 Zaffa Books and Distributors In Rupees 1099.00 ZBD0471 1 658.4032 CAB 36050 03/10/2024 791.28 23/03/2024 Text Books 20/09/2024
    Dewey Decimal Classification     BBA PIET C-LIBRARY PIET C-LIBRARY 23/03/2024 Zaffa Books and Distributors In Rupees 1099.00 ZBD0471 1 658.4032 CAB 36051 24/09/2024 791.28 23/03/2024 Text Books 11/09/2024
    Dewey Decimal Classification     BBA PIET C-LIBRARY PIET C-LIBRARY 23/03/2024 Zaffa Books and Distributors In Rupees 1099.00 ZBD0471   658.4032 CAB 36052 03/05/2024 791.28 23/03/2024 Text Books  

Design & Developed by: PIET Central Library
R70 Miles Stone Pattikalyana Samalkha Panipat 132102
mail ID :- [email protected], Phone No:- 0180-2569700 Ex.216